上海所有客运火车站 - Statistics

General Stats
  • This quiz has been taken 86 times
    56 since last reset
  • The average score is 8 of 10
Answer Stats
% Correct
上海站
100%
上海南站
98%
上海虹桥站
98%
安亭西站
94%
上海松江站
92%
安亭北站
89%
上海西站
85%
金山北站
72%
南翔北站
70%
练塘站
34%
No matching quizzes found
Score Distribution
Percent of People with Each Score
Percentile by Number Answered
Your Score History
You have not taken this quiz since the last reset